Tango viajero: orquestas típicas en Valparaíso -1950-1973-

Guardado en:
Detalles Bibliográficos
Autores principales: Molina Torres, Cristian (autor), Karmy Bolton, Eileen (Autor)
Formato: Libro
Lenguaje:español
Publicado: Santiago Mango 2012
Edición:1a. ed
Materias:
Etiquetas: Agregar Etiqueta
Sin Etiquetas, Sea el primero en etiquetar este registro!

MARC

LEADER 00000cam a2200000 a 4500
001 UCE5931
003 CL-VaPUC
008 150312e20121200cl |||||||||||||||||spa|d
020 |a 9789563170801 
082 0 4 |a 784.18885  |b MOL  |2 21 
100 |a Molina Torres, Cristian  |e autor  |9 578600 
651 0 |a Valparaíso, Chile  |9 261144 
700 0 |a Karmy Bolton, Eileen  |e author  |9 578601 
245 1 0 |a Tango viajero: orquestas típicas en Valparaíso -1950-1973- 
250 |a 1a. ed 
300 |a 193 p 
942 |c BK 
945 |d 20150312 12:37:00  |a arojas 
260 |a Santiago  |b Mango  |c 2012 
500 |a Investigación Fondart Regional Línea de Patrimonio Inmaterial 2012 
650 0 |a Tango  |9 416285 
650 0 |a Orquestas  |9 425741 
583 |a last modification  |c 20150312 12:37:00  |k Rodrigo Vera 
999 |c 358456  |d 358454 
952 |0 0  |1 0  |3 erb  |4 0  |6 784_188850000000000_MOL_2012  |7 0  |8 R  |9 467162  |a BIBEDU  |b BIBEDU  |i 5139481  |o 784.18885 MOL 2012  |p 5139481  |r 2023-01-12  |w 2019-11-23  |y BK_R  |z Catalogado en:20150312  |k MUS